000
00295 a2200133 4500
001
194766
040
_c
Magnum
100
_a
Nascimento, Devison Amorim do
240
1
0
_a
Eu que vi, eu que vi
_l
por
245
1
0
_a
Eu que vi, eu que vi
300
_a
21
697
_a
LITERATURA GERAL
942
_c
BK
999
_c
194766
_d
194766